Toefl preparation guide test of english as a foreign language

সংরক্ষণ করুন:
গ্রন্থ-পঞ্জীর বিবরন
ভাষা:Undetermined
English
ট্যাগগুলো: ট্যাগ যুক্ত করুন
কোনো ট্যাগ নেই, প্রথমজন হিসাবে ট্যাগ করুন!
Thư viện lưu trữ: Trung tâm Học liệu Trường Đại học Trà Vinh
LEADER 00345nam a2200121Ia 4500
001 TVU_8049
008 210423s9999 xx 000 0 und d
041 |a eng 
082 |a 428.0076 
082 |b T641/T3 
245 0 |a Toefl preparation guide test of english as a foreign language 
300 |b Đĩa CD 
980 |a Trung tâm Học liệu Trường Đại học Trà Vinh